00319nam a2200109Ia 4500008004100000041000800041082002100049100001700070245006500087260004400152300001300196231228s1994 xx 000 0 und d aeng a658 .15`244bCHE aCHECKLEY (K) aCash is King: A Practical Guide to Strategic Cash Management aLondonbPitman Publication Londonc1994 aXIII,206